00585nam a2200181Ia 4500008004100000020002900041040001900070041001200089082002700101100002400128245010300152260004100255300002200296504001900318650001700337651002900354850002000383140110s9999 xx 000 0 und d a9780143063407cRs.399.00 aLoreto College aEnglish a791.4/ANAbLCLIB/49559 aAnantharaman,Ganesh aBollywood melodiesbA hsitory of the Hindi film songcGanesh Anantharaman;foreword by Mahesh Bhatt aNew DelhibPenguin Books Indiac2008 axviii,261p c18cm aIncludes index aFilm studies aFilm songs,Hindi-History aLCLIB/791.4/ANA